27 Down: (Record no. 37563)

MARC details
000 -LEADER
fixed length control field 00789nam a22002177a 4500
005 - DATE AND TIME OF LATEST TRANSACTION
control field 20100724142617.0
010 ## - LCCN (DPL NO)
LC control number ENG-96634
020 ## - INTERNATIONAL STANDARD BOOK NUMBER
International Standard Book Number 9788125030638
020 ## - INTERNATIONAL STANDARD BOOK NUMBER
International Standard Book Number 8125030638
Terms of availability 1250.00
035 ## - SYSTEM CONTROL NUMBER
System control number EN-80167
037 ## - SOURCE OF ACQUISITION
Source of stock number/acquisition DBAD/PUB
082 ## - DEWEY DECIMAL CLASSIFICATION NUMBER
Classification number 385.0954
245 ## - TITLE STATEMENT
Title 27 Down:
Remainder of title new departures in indian railway studies /
Statement of responsibility, etc edited by Ian J. Kerr
260 ## - PUBLICATION, DISTRIBUTION, ETC. (IMPRINT)
Place of publication, distribution, etc New Delhi
Name of publisher, distributor, etc Orient Longman
Date of publication, distribution, etc 2007
270 ## - ADDRESS
Address 1/27 Asaf Ali Road
City New Delhi
Postal code 110002
300 ## - PHYSICAL DESCRIPTION
Extent lxxii, 375p.
Other physical details ill.
Dimensions 22cm, (Hb)
Accompanying material 1 CD-ROM
500 ## - GENERAL NOTE
General note includes index
700 ## - ADDED ENTRY--PERSONAL NAME
Personal name Kerr, Ian J.
9 (RLIN) 1255
942 ## - ADDED ENTRY ELEMENTS (KOHA)
Source of classification or shelving scheme Dewey Decimal Classification
Item type English Books
Classification part 385.0954
Call number suffix DOW
Holdings
Withdrawn status Lost status Not for loan Collection code Home library Current library Date acquired Source of acquisition Cost, normal purchase price Full call number Barcode Copy number Cost, replacement price Koha item type
    Not For Loan Non-fiction D.B.Act.Division D.B.Act.Division 24/07/2010 DBAD/PUB 1250.00 385.0954 DOW EN-80167 1 1250.00 English Books

© Delhi Public Library
Hit Counter
free hit counter